header

Money, income, prices in 19th century India (Record no. 84256)

MARC details
000 -LEADER
fixed length control field 01424nam a2200337 a 4500
100 1# - MAIN ENTRY--AUTHOR NAME
Personal name Brahmananda, P. R.
245 10 - TITLE STATEMENT
Title Money, income, prices in 19th century India
250 ## - EDITION STATEMENT
Edition statement Rev. ed.
260 ## - PUBLICATION, DISTRIBUTION, ETC. (IMPRINT)
Place of publication Mumbai [India] :
Name of publisher Himalaya Pub. House,
Year of publication 2010.
300 ## - PHYSICAL DESCRIPTION
Number of Pages 744 p. :
Other physical details ill. (some col.)
500 ## - GENERAL NOTE
General note "A project on monetary history of India sponsored by the Reserve Bank of India."
650 #0 - SUBJECT ADDED ENTRY--TOPICAL TERM
Topical Term Money
700 1# - ADDED ENTRY--PERSONAL NAME
Personal name Rangarajan, C.
856 40 - ELECTRONIC LOCATION AND ACCESS
Uniform Resource Identifier http://site.ebrary.com/lib/rucke/Doc?id=10416276

No items available.

© 2026 Rongo University
Contact us: librarian | system librarian | Rongo university